| 000 | 00391cam a2200157ua 4500 | ||
|---|---|---|---|
| 041 |
_amal _h |
||
| 082 |
_a894.81209 _bKRI/AD |
||
| 100 | _aKrishnan Nair, M . | ||
| 245 |
_aAdhunika malayala kavitha / _cM Krishnan nair. _hTextual Documents |
||
| 250 |
_a1 / _b. |
||
| 260 |
_aCalicut : _bP K Brothers , _c1959. |
||
| 300 | _a226 ; . | ||
| 504 | _a | ||
| 942 | _cBK | ||
| 999 |
_c11579 _d11579 |
||